Complétez les paroles : Sensualité - Statistiques

Statistiques générales
  • Ce quiz a été pris 88 fois
  • Le résultat moyen est 6 sur 9
Statistiques - réponses
Paroles précédentes Paroles manquantes % Correct
Que ma maman me dit: ralentisDésir ou amour Tu le... Sauras un jour
92%
Désir et amour tu le sauras un jourJ'aime j'aime Tes yeux, j'... Aime ton odeur
91%
J'aime j'aimeTes yeux, j'aime ton odeur Tous tes gestes en douceur Lentement... Dirigés, Sensualité
85%
Jamais je n'aurais pensé..."Tant besoin de lui" Je me sens... Si envoûtée
79%
Oh stop un instantJ'aimerais que ce moment Fixe pour des... Tas d'années, ta sensualité
78%
Tous tes gestes en douceurLentement dirigés Sensualité Oh... Stop un instant
77%
Il parait qu'après quelques tempsLa passion s'affaiblit Pas toujours apparemment Et maman m'avait dit: ... Ralentis
73%
J'aimerais que ce momentFixe pour des tas d'années Ta sensualité Je te... Demande si simplement
37%
Ne fais pas semblantJe t'aimerai encore Et encore... Désir ou amour
10%
Aucun quiz correspondant
Distribution des résultats
% des personnes avec chaque résultat
Percentile par nombre de réponses
Votre historique - résultats
Vous n’avez pas pris ce quiz